000 02033nam a22003377a 4500
999 _c21984
_d21984
003 AR-CdUCM
008 190425b ||||| |||| 00| 0 spa d
040 _aMUNICIPALIDAD PROVINCIAL DEL CUSCO
_cBIBLIOTECA MUNICIPAL DEL CUSCO
082 _aAndes/N°1/1995
110 _aUniversidad Nacional de San Antonio Abad del Cusco
_915942
245 _aAndes :
_bRevista de Ciencias Sociales /
_cFacultad de Ciencias Sociales
260 _aCusco.
_bUniversitaria,
_c1995.
300 _a414 páginas. :
_bIlustraciones ;
_c21 cm.
440 _aAndes Revista Semestre de la Facultad de Ciencias Sociales semestre 94-II
_nN° 1.1995
_947058
505 _aContenido: Julián Santisteban Ochoa, historiador y maestro. Horacio Villanueva Urteaga. -- Origen histórico de la provincia de Canas. German Zecenarro Madueño. -- El Inkaismo una constante en la mentalidad andina. José Tamayo Herrera. -- Periodismo cusqueño en la época de transición. Fructuoso Cahuata Corrales. -- La intelectualidad en el Cusco, primeros decenios del presente siglo. Fructuoso Cahuata Corrales. -- La intelectualidad en el Cusco, primeros decenios del presente siglo. Fructuoso Cahuata Corrales. -- Sillkinchani. Alfredo Mormontoy Atayupanqui. -- El conjunto arqueológico inka de Choquekirao. Roberto Samanez Argumedo. -- La visita de la provincia de León de Huánuco en 1562. Luis Barreda Murillo. -- Los fuegos de artificio. Luis Negrón Alonso.
650 _aHistoria del Cusco
_91714
650 _aArqueología del Cusco
_944311
650 _aAntropología del Cusco
_947059
650 _aPsicología
_91538
650 _aFilosofía
_9395
700 _aVillanueva Urteaga, Horacio
_95790
700 _aZecenarro Madueño, German
_930525
700 _aTamayo Herrera, José
_911513
700 _aCahuata, Fructuoso
_947060
700 _aMormontoy Atayupanqui, Alfredo
_947061
700 _aSamanez Argumedo, Roberto
_95654
700 _aBarreda Murillo, Luis
_931369
700 _aNegrón Alonso, Luis
_947062
942 _2ddc
_cPP
945 _arac